000
00287nam a22001097a 4500
008
170124b xxu||||| |||| 00| 0 eng d
020
_a
9781582556314
041
_a
eng
080
_2
3RD
_a
618.2
245
_a
LIPPINCOTT MANUAL OF NURSING PRACTICE HANDBOOK
_c
LIPPINCOTT, J.B
942
_2
udc
_c
BK
999
_c
3540
_d
3540